000 01340cad a22002415a 4500
001 L154166
008 111021s2011 xxk f 000 0 eng d
020 _a9781842197219
035 _a(Sirsi) u154166
041 0 _aeng
050 0 4 _a333.33706 $2 20
110 2 _aRoyal Institution of Chartered Surveyors
_94900
245 0 0 _aCommercial property management in England and Wales
_h[electronic resource]
250 _a2nd ed.
260 _aCoventry
_bRICS
_c2011
490 0 _aRICS Guidance Note
520 _aThis guidance note is principally concerned with how the person(s) in control of a building should act and, in particular, how they manage, communicate and control income and expenditure while minimising the various associated risks. Managers should at all times seek to comply with the principles set out in this guidance note. While this guidance note refers principally to the management of multi-let properties, the principles can be applied to the management of all types of commercial property.
590 _aKA
651 4 _aEngland and Wales
_y1543-
690 _aPROPERTY-COMMERCIAL PROPERTY
856 4 0 _uhttps://www.rics.org/Global/Commercial_property_management_in_England_and_Wales_2nd_edition_PGguidance_2011.pdf
_zView this guidance note free of charge at www.rics.org (member-only access).
942 _n0
999 _c112871
_d112871